[Event "New Delhi Skillcraft op 1st"]
[Site "New Delhi"]
[Date "2024.11.16"]
[Round "2"]
[White "Palaash, Suyog Mapara"]
[Black "Swain, Ashirwad"]
[Result "0-1"]
[WhiteElo "1558"]
[BlackElo "2052"]
[PlyCount "94"]
[EventDate "2024.11.16"]
[EventType "swiss"]
[EventRounds "9"]
[EventCountry "IND"]
[SourceTitle "CB47_2024"]
[SourceDate "2024.11.20"]
[SourceVersion "1"]
[SourceVersionDate "2024.11.20"]
[SourceQuality "1"]

1. e4 c5 2. Nc3 Nc6 3. Bb5 g6 4. Bxc6 dxc6 5. f4 Bg7 6. Nf3 Nf6 7. d3 0-0 8. 0-0 b6 9. h3 Ba6 10. Be3 Qc7 11. Qe1 Nd7 12. Qh4 f6 13. f5 Ne5 14. Nxe5 Qxe5 15. Qg4 Bc8 16. Rae1 g5 17. h4 h6 18. hxg5 fxg5 19. Qh5 Bd7 20. Rf3 a5 21. Rd1 Be8 22. Qh2 Qxh2+ 23. Kxh2 Bh5 24. Rff1 Bxd1 25. Nxd1 Bd4 26. Bd2 Rad8 27. b3 a4 28. Nf2 axb3 29. axb3 Ra8 30. Ng4 h5 31. Ne3 Ra2 32. Rc1 b5 33. Nf1 g4 34. Kg3 Kf7 35. Kf4 Kf6 36. Kg3 Bb2 37. Rb1 Be5+ 38. Kh4 Rxc2 39. Kxh5 Rh8+ 40. Kxg4 Rh1 41. g3 Kf7 42. Be3 Bd4 43. Bxd4 cxd4 44. Kf3 Kf6 45. b4 Rg1 46. Rd1 Rgg2 47. Rb1 Kg5 0-1

[Event "Mumbai One Wealth op"]
[Site "Mumbai"]
[Date "2024.02.06"]
[Round "2"]
[White "Palaash, Suyog Mapara"]
[Black "Rachit, H Gurnani"]
[Result "0-1"]
[WhiteElo "1211"]
[BlackElo "1773"]
[PlyCount "206"]
[EventDate "2024.02.05"]
[EventType "swiss"]
[EventRounds "7"]
[EventCountry "IND"]
[SourceTitle "CBM 218 Extra"]
[Source "ChessBase"]
[SourceDate "2024.03.31"]
[SourceVersion "1"]
[SourceVersionDate "2024.03.31"]
[SourceQuality "1"]

1. e4 e5 2. Nf3 Nc6 3. Bc4 Bc5 4. d3 Nf6 5. h3 d6 6. Be3 Bb6 7. 0-0 h6 8. Nc3 0-0 9. d4 Bd7 10. dxe5 Nxe5 11. Nxe5 dxe5 12. Bxb6 axb6 13. Re1 c6 14. a3 Qe7 15. Qe2 g6 16. Qe3 b5 17. Bb3 Kg7 18. Rad1 b4 19. axb4 Qxb4 20. Na2 Qe7 21. Nc3 Nh5 22. Ne2 Rae8 23. Ng3 Nf4 24. Ne2 Nh5 25. Ng3 Nf6 26. Rd2 Bc8 27. Bc4 Nd7 28. Rde2 Qb4 29. Qc3 Qxc3 30. bxc3 b5 31. Bb3 Nb6 32. Rd2 Re7 33. Red1 Rc7 34. Rd8 Bb7 35. Rxf8 Kxf8 36. f3 c5 37. Bd5 Rd7 38. Rb1 Bxd5 39. exd5 b4 40. cxb4 cxb4 41. Rxb4 Nxd5 42. Re4 f6 43. Rc4 Nf4 44. Nf1 Ke7 45. Kf2 h5 46. Rc5 h4 47. Rc8 Rd5 48. Rc7+ Kd6 49. Rc8 Kd7 50. Rc3 Rd1 51. Rc4 g5 52. Rc3 Ke6 53. Rc8 Ra1 54. Rc6+ Kf7 55. Rc7+ Kg6 56. Rc6 Nh5 57. Rc3 Ra6 58. Rc8 Rd6 59. Rc3 f5 60. Rc5 Kf6 61. Rc8 f4 62. Rc4 Kf5 63. Rc3 Ra6 64. Rc8 Ra1 65. Rf8+ Kg6 66. Rc8 Ng3 67. Nxg3 hxg3+ 68. Ke2 Rg1 69. Rg8+ Kf6 70. Rf8+ Kg7 71. Rf5 Rxg2+ 72. Kf1 Rf2+ 73. Kg1 Kg6 74. Rxe5 Rxc2 75. Re6+ Kf5 76. Ra6 Ke5 77. Ra5+ Kd4 78. Ra4+ Ke3 79. Ra3+ Ke2 80. Kg2 Rd2 81. Rb3 Ke1+ 82. Kg1 Rf2 83. Rb1+ Ke2 84. Rb2+ Kxf3 85. Rb3+ Ke4 86. Rb4+ Kf5 87. Rb5+ Kg6 88. Rb6+ Kh5 89. Rb8 Ra2 90. Rh8+ Kg6 91. Rf8 Rh2 92. Rg8+ Kf5 93. Re8 Rxh3 94. Kg2 Rh2+ 95. Kg1 Ra2 96. Rb8 Kg4 97. Rb1 Kh3 98. Rf1 Rg2+ 99. Kh1 Rh2+ 100. Kg1 Rh1+ 101. Kxh1 g2+ 102. Kg1 gxf1Q+ 103. Kxf1 Kh2 0-1